000 00506nam a2200181Ia 4500
005 20250508154802.0
008 008 250505s9999 xx 000 0 eng d
037 _aTextual
040 _aFEDL
_beng
_cFEDL
041 _aeng
_2eng
084 _a407, ABE
_qFEDL
100 _aAbercrombie David
245 0 _aProblems and principles in language study
260 _aLondon, UK
_bLongmans, Green and Co.
_c1967
300 _avii,83p
942 _cTEXL
_h407, ABE
999 _c1352102
_d1352102